Исследование физических свойств и вещественного состава нефтей, газов и конденсатов новых месторождений Томской области; Исследование газового конденсата Герасимовского месторождения: Промежуточный отчет о НИР; Тема: х/д 5-14/86

Dettagli Bibliografici
Ente Autore: Томский политехнический институт (ТПИ)
Altri autori: Смольянинов С. И. Станислав Иванович (руководитель), Сечина Т. В. (исполнитель)
Lingua:russo
Pubblicazione: Томск, 1989
Soggetti:
Natura: MixedMaterials Libro
KOHA link:https://koha.lib.tpu.ru/cgi-bin/koha/opac-detail.pl?biblionumber=153727

MARC

LEADER 00000nbm0a2200000 4500
001 153727
005 20231031151509.0
029 0 0 |a SU  |b 01860111757  |f ТПУ 
035 |a (RuTPU)RU\TPU\book\166767 
090 |a 153727 
100 |a 20090216d1989 k y0rusy50 ca 
101 0 |a rus 
102 |a RU 
105 |a a p 000zy 
200 1 |a Исследование физических свойств и вещественного состава нефтей, газов и конденсатов новых месторождений Томской области  |a Исследование газового конденсата Герасимовского месторождения  |e Промежуточный отчет о НИР  |e Тема: х/д 5-14/86  |f Томский политехнический институт (ТПИ) ; руководитель С. И. Смольянинов ; Т. В. Сечина 
210 |a Томск  |d 1989 
215 |a 22 л. 
610 1 |a отчеты о НИР 
610 1 |a конденсат Герасимовский 
610 1 |a физико-химические свойства 
610 1 |a углеводородный состав 
610 1 |a товарные продукты 
610 1 |a характеристика 
675 |a 553.981.6(04)  |v 3 
702 1 |a Смольянинов  |b С. И.  |c российский химик-технолог  |c профессор Томского политехнического университета  |f 1925-1991  |g Станислав Иванович  |2 stltpush  |3 (RuTPU)RU\TPU\pers\15849  |4 673 
702 1 |a Сечина  |b Т. В.  |4 677 
712 0 2 |a Томский политехнический институт (ТПИ)  |c (1944-1991)  |2 stltpush  |3 (RuTPU)RU\TPU\col\1123 
801 1 |a RU  |b 63413507  |c 20090216  |g PSBO 
942 |c BK